U.S. Weather Warnings - Statistics

General Stats
  • This quiz has been taken 10 times
  • The average score is 31 of 100
Answer Stats
Hint Answer % Correct
Flood Flash Flood Warning
100%
Severe Tornado Warning
90%
Severe Tornado Watch
80%
Flood Flash Flood Watch
70%
Tropical Hurricane Warning
70%
Severe Severe Thunderstorm Warning
70%
Severe Severe Thunderstorm Watch
70%
Winter Blizzard Warning
60%
Fire Fire Warning
60%
Flood Flood Warning
60%
Flood Flood Watch
60%
Marine Gale Warning
60%
Wind High Wind Warning
60%
Tropical Tropical Storm Warning
60%
Winter Winter Storm Warning
60%
Winter Winter Weather Advisory
60%
Flood Flood Advisory
50%
Winter Freeze Warning
50%
Winter Freeze Watch
50%
Winter Frost Advisory
50%
Marine Gale Watch
50%
Heat Heat Advisory
50%
Wind High Wind Watch
50%
Tropical Hurricane Watch
50%
Other Severe Special Weather Statement
50%
Severe Tornado Emergency
50%
Tropical Tropical Storm Watch
50%
Water Tsunami Warning
50%
Winter Winter Storm Watch
50%
Air Air Quality Alert
40%
Air Dense Fog Advisory
40%
Winter Extreme Cold Warning
40%
Heat Extreme Heat Warning
40%
Winter Ice Storm Warning
40%
Severe PDS Tornado Warning
40%
Fire Red Flag Warning
40%
Water Tsunami Watch
40%
Wind Wind Advisory
40%
Flood Coastal Flood Advisory
30%
Flood Coastal Flood Warning
30%
Flood Coastal Flood Watch
30%
Wind Dust Storm Warning
30%
Winter Extreme Cold Watch
30%
Heat Extreme Heat Watch
30%
Wind Extreme Wind Warning
30%
Severe PDS Severe Thunderstorm Warning
30%
Water Rip Current Statement
30%
Marine Small Craft Advisory
30%
Winter Snow Squall Warning
30%
Marine Special Marine Warning
30%
Tropical Storm Surge Warning
30%
Tropical Storm Surge Watch
30%
Marine Storm Warning
30%
Tropical Typhoon Warning
30%
Winter AValanche Warning
20%
Water Beach Hazards Statement
20%
Wind Blowing Dust Warning
20%
Winter Cold Weather Advisory
20%
Fire Fire Weather Watch
20%
Marine Hazardous Seas Watch
20%
Marine Heavy Freezing Spray Warning
20%
Marine Heavy Freezing Spray Watch
20%
Flood Lakeshore Flood Watch
20%
Flood PDS Flash Flood Warning
20%
Severe PDS Tornado Watch
20%
Other 911 Telephone Outage
10%
Winter Avalanche Watch
10%
Wind Blowing Dust Advisory
10%
Marine Brisk Wind Advisory
10%
Air Dense Smoke Advisory
10%
Wind Dust Advisory
10%
Flood Flash Flood Emergency
10%
Flood Flood (Forecast Point) Advisory
10%
Flood Flood (Forecast Point) Warning
10%
Flood Flood (Forecast Point) Watch
10%
Marine Freezing Spray Advisory
10%
Water High Surf Advisory
10%
Water High Surf Warning
10%
Wind Hurricane Force Wind Warning
10%
WInd Hurricane Force Wind Watch
10%
Winter Lake Effect Snow Warning
10%
Flood Lakeshore Flood Advisory
10%
Flood Lakeshore Flood Warning
10%
Wind Lake Wind Advisory
10%
Marine Marine Weather Statement
10%
Marine Storm Watch
10%
Water Tsunami Advisory
10%
Tropical Typhoon Watch
10%
AIr Air Stagnation Advisory
0%
Other Civil Emergency Message
0%
Other Civil Emergency Warning
0%
Flood Coastal Flood Statement
0%
Air Dense Fog (Marine) Advisory
0%
Other Evacuation Immediate
0%
Air Freezing Fog Advisory
0%
Other Law Enforcement Warning
0%
Other Local Area Emergency
0%
Marine Low Water Advisory
0%
Other Shelter In Place Waring
0%
No matching quizzes found
Score Distribution
Percent of People with Each Score
Percentile by Number Answered
Your Score History
You have not taken this quiz